| 000 | 00396nam a22001577a 4500 | ||
|---|---|---|---|
| 005 | 20260128124641.0 | ||
| 008 | 260128b |||||||| |||| 00| 0 eng d | ||
| 020 | _a9789380673448 | ||
| 041 | _aeng | ||
| 100 |
_aDAS.B.C AND MUKHERJEE B.N _98856 |
||
| 245 | _aDIFFERENTIAL CALCULUS | ||
| 250 | _a52th ed. | ||
| 260 |
_aKOLKATA _bU.N.DHUR &SONS PRIVATE LTD. _c2012 |
||
| 300 | _a602.P | ||
| 942 | _cBK | ||
| 999 |
_c9030 _d9028 |
||